[Event "Cto. Navarra Absoluto Individual 2019"]
[Site "Pamplona"]
[Date "2019.04.19"]
[Round "5"]
[White "Garisoain Ardanaz, Alvaro"]
[Black "Ramos Dominguez, Joaquin"]
[Result "0-1"]
[EventDate "2019.04.??"]
[EventCountry "ESP"]
[EventType "swiss"]
[EventRounds "7"]
[WhiteElo "1688"]
[BlackElo "2116"]
[Source "FNA"]
[SourceDate "2019.04.21"]
[SourceTitle "FNA"]

1.d4 Nc6 2.Nf3 d5 3.e3 Bg4 4.c4 e6 5.Qb3 Rb8 6.Nc3 Bxf3 7.gxf3 Nf6 8.cxd5 exd5
9.Bg2 Be7 10.Bd2 O-O 11.f4 Na5 12.Qa4 b6 13.Qc2 c6 14.a3 Nc4 15.b3 Nxd2 16.Qxd2
Qd7 17.f3 c5 18.dxc5 bxc5 19.Rb1 d4 20.Ne4 Nxe4 21.fxe4 Bh4 22.Ke2 Rfd8 23.Rhd1
Qg4 24.Kf1 dxe3 25.Qe2 Qxf4 26.Kg1 g6 27.Rf1 Bf2 28.Kh1 Rd2 29.Qf3 Qxf3 30.Bxf3
e2 31.Rxf2 e1=Q 32.Rxe1 Rxf2 0-1

[Event "Cto. Navarra Absoluto Individual 2019"]
[Site "Pamplona"]
[Date "2019.04.19"]
[Round "5"]
[White "Garralda Ruiz, Ander"]
[Black "Garraza Obaldia, Esteban"]
[Result "1/2-1/2"]
[EventDate "2019.04.??"]
[EventCountry "ESP"]
[EventType "swiss"]
[EventRounds "7"]
[WhiteElo "1811"]
[BlackElo "1803"]
[Source "FNA"]
[SourceDate "2019.04.21"]
[SourceTitle "FNA"]

1.d4 Nf6 2.Bf4 g6 3.Nf3 Bg7 4.e3 O-O 5.Nbd2 d6 6.c3 Nc6 7.Be2 Re8 8.h3 e5 9.dxe5
dxe5 10.Bh2 e4 11.Nd4 Ne5 12.Qc2 c5 13.N4b3 Nd3 14.Kf1 Qd5 15.c4 Qf5 16.Nxe4
Nxf2 17.Nxf6 Qxf6 18.Bf3 Nxh3 19.Qe2 Ng5 20.Bf4 Nxf3 21.gxf3 Qxb2 22.Qxb2 Bxb2
23.Rb1 Ba3 24.Nd2 Be6 25.Kf2 Bf5 26.Rxb7 Red8 27.e4 Be6 28.e5 Bf5 29.e6 Bxe6
30.Ne4 h5 31.Nf6 Kg7 32.Be5 Kh6 33.Bf4 Kg7 34.Be5 1/2-1/2

[Event "Cto. Navarra Absoluto Individual 2019"]
[Site "Pamplona"]
[Date "2019.04.19"]
[Round "5"]
[White "Oyaga Valencia, Jesus Maria"]
[Black "Fuertes Cirauqui, Pablo"]
[Result "0-1"]
[EventDate "2019.04.??"]
[EventCountry "ESP"]
[EventType "swiss"]
[EventRounds "7"]
[WhiteElo "1650"]
[BlackElo "1811"]
[Source "FNA"]
[SourceDate "2019.04.21"]
[SourceTitle "FNA"]

1.d4 Nf6 2.c4 g6 3.Nc3 d5 4.cxd5 Nxd5 5.e4 Nxc3 6.bxc3 Bg7 7.Nf3 c5 8.e5 Nc6
9.Bb5 cxd4 10.Bxc6 bxc6 11.cxd4 Ba6 12.Qc2 Qd5 13.Be3 Rb8 14.Rc1 Rc8 15.Qa4 Bb5
16.Qxa7 O-O 17.a3 Qa2 18.Nd2 Ra8 19.Qxe7 Rxa3 20.Qc5 Qb2 21.d5 Ra1 22.Rd1 Rfa8
23.Bd4 Rxd1 24.Kxd1 Ra1 0-1

[Event "Cto. Navarra Absoluto Individual 2019"]
[Site "Pamplona"]
[Date "2019.04.19"]
[Round "5"]
[White "Abrisqueta Zudaire, Ines"]
[Black "Fuentes Guinot, Alejandro"]
[Result "1/2-1/2"]
[EventDate "2019.04.??"]
[EventCountry "ESP"]
[EventType "swiss"]
[EventRounds "7"]
[WhiteElo "1371"]
[BlackElo "1457"]
[Source "FNA"]
[SourceDate "2019.04.21"]
[SourceTitle "FNA"]

1.d4 d5 2.Nf3 Nf6 3.e3 e6 4.Bd3 c5 5.c3 Be7 6.Nbd2 O-O 7.O-O b6 8.e4 Ba6 9.Bxa6
Nxa6 10.Qe2 Nb8 11.e5 Nfd7 12.Nb3 Nc6 13.Bf4 Re8 14.Qe3 cxd4 15.Nbxd4 Rc8
16.Rac1 Nf8 17.Bg5 Ng6 18.Bxe7 Qxe7 19.Rfe1 Qd7 20.Nxc6 Rxc6 21.Nd4 Rcc8 22.Qg5
Qe7 23.Qxe7 Rxe7 24.Nb5 Rc6 25.Nd4 Rc4 26.g3 a6 27.f4 b5 28.b3 Rc8 29.Re2 Rec7
30.Rec2 Kf8 31.Kf2 Ke7 32.Ke3 Nf8 33.Kd3 Nd7 34.c4 dxc4 35.bxc4 b4 36.Nb3 Ra7
37.c5 Nb8 38.Na5 Nc6 39.Nxc6 Rxc6 40.Kc4 Rb7 41.Kb3 Rb5 42.Ka4 h6 43.Rc4 Kd7
44.Rd1 Kc7 45.Rdc1 Kd7 46.Rd1 1/2-1/2

[Event "Cto. Navarra Absoluto Individual 2019"]
[Site "Pamplona"]
[Date "2019.04.19"]
[Round "5"]
[White "Santos Usua, Mikel"]
[Black "Martinez Zazo, Jesus"]
[Result "1-0"]
[EventDate "2019.04.??"]
[EventCountry "ESP"]
[EventType "swiss"]
[EventRounds "7"]
[WhiteElo "1580"]
[BlackElo "1680"]
[Source "FNA"]
[SourceDate "2019.04.21"]
[SourceTitle "FNA"]

1.d4 g6 2.Bf4 Bg7 3.e4 c5 4.Be5 Nf6 5.Nc3 cxd4 6.Bxd4 Nc6 7.Be3 d6 8.h3 O-O
9.Nf3 Qa5 10.Nd2 Nd7 11.h4 h6 12.Rb1 Nde5 13.Nb3 Qd8 14.Be2 Be6 15.f4 Nc4
16.Bxc4 Bxc4 17.h5 e6 18.hxg6 fxg6 19.Qg4 Qf6 20.Nd2 d5 21.e5 Qf5 22.Qxf5 gxf5
23.Nxc4 dxc4 24.Nb5 Nb4 25.Bc5 Nxc2 26.Kd2 Rfc8 27.Bd6 a6 28.Nc7 Nd4 29.Nxa8
Rxa8 30.Rbc1 b5 31.Ke3 Nc6 32.b3 Na5 33.Bc7 Nb7 34.bxc4 Rc8 35.cxb5 axb5 36.Bb6
Ra8 37.Rc2 Bf8 38.Rhc1 Ra6 39.Bd4 Na5 40.Kf2 Nc4 41.Ra1 Ra4 42.Be3 Ra3 43.Bc1
Bc5 44.Kf1 Rd3 45.a4 Bd4 46.Raa2 Ne3 47.Bxe3 Bxe3 48.axb5 Bxf4 49.b6 Bxe5 50.b7
Rb3 51.Ra7 Rb1 52.Ke2 1-0

[Event "Cto. Navarra Absoluto Individual 2019"]
[Site "Pamplona"]
[Date "2019.04.19"]
[Round "5"]
[White "Diaz Redondo, Isidro"]
[Black "Zaratiegui Cardesa, Jose"]
[Result "1/2-1/2"]
[EventDate "2019.04.??"]
[EventCountry "ESP"]
[EventType "swiss"]
[EventRounds "7"]
[WhiteElo "1456"]
[BlackElo "1731"]
[Source "FNA"]
[SourceDate "2019.04.21"]
[SourceTitle "FNA"]

1.d4 Nf6 2.Nf3 g6 3.c3 Bg7 4.Bf4 d6 5.h3 b6 6.e3 Bb7 7.Bd3 Nbd7 8.O-O O-O 9.Nbd2
Nd5 10.Bh2 e5 11.e4 Nf4 12.Bxf4 exf4 13.d5 Nc5 14.Bc2 Re8 15.Re1 Ba6 16.Nb3 Nxb3
17.axb3 Bb7 18.Re2 Bc8 19.b4 g5 20.Nh2 a5 21.Rd2 Qf6 22.Qh5 h6 23.bxa5 Rxa5
24.Rxa5 bxa5 25.Ng4 Bxg4 26.Qxg4 a4 27.Qd7 Rb8 28.Bxa4 Qd8 29.Qxd8 Rxd8 30.f3
Ra8 31.Bb3 Rb8 32.Bd1 Kf8 33.Kf1 Ke7 34.Ke2 Rb6 35.Ba4 Kd8 36.Kd3 Kc8 37.Rc2 Kb7
38.Bc6 Ka7 39.b4 Ra6 40.Bb5 Ra1 41.Bc4 Kb6 42.Ra2 Rc1 43.Ra6 Kb7 44.Ra3 Kb6
45.Ra6 Kb7 1/2-1/2

[Event "Cto. Navarra Absoluto Individual 2019"]
[Site "Pamplona"]
[Date "2019.04.20"]
[Round "6"]
[White "Huerga Leache, Mikel"]
[Black "Ortin Blanco, Ainhoa"]
[Result "1-0"]
[EventDate "2019.04.??"]
[EventCountry "ESP"]
[EventType "swiss"]
[EventRounds "7"]
[WhiteElo "2448"]
[BlackElo "1861"]
[Source "FNA"]
[SourceDate "2019.04.21"]
[SourceTitle "FNA"]

1.Nf3 Nf6 2.g3 g6 3.b3 Bg7 4.Bb2 O-O 5.Bg2 c5 6.c4 Nc6 7.O-O d6 8.d4 cxd4 9.Nxd4
Bd7 10.e3 Qc8 11.Re1 Bh3 12.Bh1 Qd7 13.Nc3 Rfd8 14.Qd2 Ne8 15.Nd5 e5 16.Nb5 Be6
17.Rad1 f5 18.e4 Kh8 19.exf5 Bxf5 20.Qg5 Qf7 21.Be4 Rd7 22.Rd3 h6 23.Qd2 Qf8
24.Kg2 Rf7 25.Ba3 a6 26.Nbc3 Nd4 27.Bxf5 Nxf5 28.Ne4 Rc8 29.Rc1 Rc6 30.Bb4 Nd4
31.f4 Ne6 32.fxe5 Bxe5 33.Ne3 Nc5 34.Nxc5 dxc5 35.Ng4 Bg7 36.Bc3 Kh7 37.Bxg7
Qxg7 38.Re1 Rc8 39.Ne5 Re7 40.Rde3 Nf6 41.Qd6 Rcc7 42.Ng4 Ng8 43.Rxe7 Rxe7
44.Nf6 Kh8 45.Rxe7 Nxe7 46.Qb8 Ng8 47.Nxg8 Qxg8 48.Qxb7 Qe6 49.Qa8 Kg7 50.Qa7
Kh8 51.Qxc5 Qe2 52.Qf2 Qe4 53.Qf3 Qc2 54.Kh3 h5 55.Qf7 Qe4 56.Qf6 Kh7 57.Qf7 Kh8
58.Qf4 Qe6 59.g4 Kg7 60.a3 Qd7 61.Kg2 hxg4 62.b4 Qd1 63.c5 Qe2 64.Kg3 Qd3
65.Kxg4 Qe2 66.Kg3 Qe1 67.Kf3 Qe6 68.Qd4 Kh7 69.Qh4 Kg7 70.Qd4 Kh7 71.Qf4 Kg7
72.h4 Qe1 73.Qe4 Qc3 74.Qe3 Qc4 75.Qe7 Kg8 76.Qe4 Qb3 77.Kf4 Qf7 78.Kg5 Kg7
79.Qe5 Kh7 80.h5 Qd7 81.hxg6 Kg8 82.Qd6 Qe8 83.Kf6 1-0

[Event "Cto. Navarra Absoluto Individual 2019"]
[Site "Pamplona"]
[Date "2019.04.20"]
[Round "6"]
[White "Malon Insausti, Andres"]
[Black "Narciso Dublan, Marc"]
[Result "0-1"]
[EventDate "2019.04.??"]
[EventCountry "ESP"]
[EventType "swiss"]
[EventRounds "7"]
[WhiteElo "1854"]
[BlackElo "2491"]
[Source "FNA"]
[SourceDate "2019.04.21"]
[SourceTitle "FNA"]

1.Nf3 d5 2.c4 e6 3.g3 Nf6 4.Bg2 Be7 5.O-O O-O 6.d3 c5 7.Nbd2 Nc6 8.e3 e5 9.Qe2
e4 10.Ne1 Bg4 11.f3 exf3 12.Bxf3 Bxf3 13.Nexf3 Qd7 14.Rd1 Rad8 15.cxd5 Nxd5
16.a3 f5 17.Nc4 Bf6 18.Qc2 b5 19.e4 Nd4 20.Nxd4 Bxd4 21.Kg2 fxe4 22.dxe4 bxc4
23.Rxd4 cxd4 24.Qxc4 Qc7 25.Qb3 Qf7 26.exd5 Qf1 0-1

[Event "Cto. Navarra Absoluto Individual 2019"]
[Site "Pamplona"]
[Date "2019.04.20"]
[Round "6"]
[White "Roldan Marques, Marta"]
[Black "Urriza Iricibar, Pablo"]
[Result "0-1"]
[EventDate "2019.04.??"]
[EventCountry "ESP"]
[EventType "swiss"]
[EventRounds "7"]
[WhiteElo "1808"]
[BlackElo "2301"]
[Source "FNA"]
[SourceDate "2019.04.21"]
[SourceTitle "FNA"]

1.e4 c5 2.Nc3 Nc6 3.g3 g6 4.Bg2 Bg7 5.d3 d6 6.Be3 Nd4 7.Rb1 Qa5 8.Bd2 Rb8 9.h3
e6 10.a3 Qc7 11.Nce2 Ne7 12.f4 f5 13.Nf3 O-O 14.O-O b6 15.Nexd4 cxd4 16.e5 dxe5
17.fxe5 Nc6 18.Re1 h6 19.h4 Ba6 20.Bf4 Rbc8 21.Re2 Qd7 22.Qf1 Ne7 23.Qf2 Rfd8
24.Rbe1 Kh7 25.Bc1 Rc7 26.Bf4 Bf8 27.Bc1 Bb7 28.Nh2 Nd5 29.Nf1 a5 30.Kh1 Bc5
31.Bf3 Rdc8 32.Qg2 Kg7 33.Rf2 Qe7 34.Kg1 g5 35.g4 f4 36.h5 Ne3 37.Bxe3 dxe3
38.Rfe2 Bd4 39.Bxb7 Rxb7 40.c3 Bxe5 41.Qe4 Bf6 42.Qg6 Kf8 43.Qxh6 Qg7 44.Qxg7
Kxg7 45.Nh2 e5 46.Nf3 Rd7 47.Rd1 e4 48.Nh2 exd3 49.Nf3 Rcc7 50.Ree1 b5 51.Kg2 b4
52.axb4 axb4 53.Rh1 Kh6 54.Ne1 d2 55.Nf3 Re7 56.cxb4 Rc2 57.Nxd2 Rxb2 58.Kf3
Rxd2 59.Rc1 Rf2 0-1

[Event "Cto. Navarra Absoluto Individual 2019"]
[Site "Pamplona"]
[Date "2019.04.20"]
[Round "6"]
[White "Huarte Zozaya, Aitor"]
[Black "Aldave Aguado, Adrian"]
[Result "0-1"]
[EventDate "2019.04.??"]
[EventCountry "ESP"]
[EventType "swiss"]
[EventRounds "7"]
[WhiteElo "2031"]
[BlackElo "1945"]
[Source "FNA"]
[SourceDate "2019.04.21"]
[SourceTitle "FNA"]

1.d4 Nf6 2.Bf4 d5 3.e3 c5 4.c3 Nc6 5.Nd2 e6 6.Ngf3 cxd4 7.exd4 Nh5 8.Be3 Bd6
9.Ne5 g6 10.Bb5 Qc7 11.Qa4 O-O 12.Be2 Ng7 13.Nxc6 bxc6 14.Nf3 Nf5 15.Bd2 Bd7
16.Qd1 c5 17.O-O cxd4 18.cxd4 Qb6 19.Bc3 Rfc8 20.Qd2 Bb5 21.Bxb5 Qxb5 22.Rfe1
Bf8 23.Ne5 Rc7 24.Qf4 Rac8 25.Ng4 Bg7 26.Rad1 Qb6 27.a3 Nd6 28.Nf6 Bxf6 29.Qxf6
Ne4 30.Rxe4 Rxc3 31.Rf4 R3c7 32.h4 Qxb2 33.h5 Qe2 34.h6 Qxd1 35.Kh2 Kf8 36.Qg7
Ke8 37.Qxh7 Qh5 38.Kg3 g5 39.Rg4 f5 40.Qh8 Kd7 41.Qg7 Kc6 0-1

[Event "Cto. Navarra Absoluto Individual 2019"]
[Site "Pamplona"]
[Date "2019.04.20"]
[Round "6"]
[White "Roviralta Montero, Axel"]
[Black "Sevilla Subiza, Javier"]
[Result "0-1"]
[EventDate "2019.04.??"]
[EventCountry "ESP"]
[EventType "swiss"]
[EventRounds "7"]
[WhiteElo "1771"]
[BlackElo "2087"]
[Source "FNA"]
[SourceDate "2019.04.21"]
[SourceTitle "FNA"]

1.e4 g6 2.d4 Bg7 3.f4 c5 4.c3 cxd4 5.cxd4 d5 6.e5 Nh6 7.Nc3 O-O 8.Nf3 Bg4 9.Qb3
Bxf3 10.Qxb7 Nd7 11.gxf3 e6 12.Nd1 Nf5 13.Qb4 f6 14.Bd3 fxe5 15.Bxf5 Rxf5 16.Qd6
exf4 17.Bxf4 Bxd4 18.Qxe6 Kh8 19.Bg3 Nc5 20.Qe2 Qf8 21.Bf2 Bxf2 22.Kxf2 Re8
23.Qc2 Rxf3 24.Kg2 Re4 25.Nf2 Rxf2 26.Qxf2 Rg4 27.Qg3 Rxg3 28.hxg3 Ne4 29.Raf1
Qb8 30.Rh3 Qxb2 31.Kg1 Qd4 32.Kg2 Qd2 33.Kg1 Qxa2 34.g4 Ng5 35.Rh2 Qc4 36.Rg2
Qe4 37.Kh2 d4 38.Kg3 Qe3 39.Kh2 d3 40.Rd1 d2 0-1

[Event "Cto. Navarra Absoluto Individual 2019"]
[Site "Pamplona"]
[Date "2019.04.20"]
[Round "6"]
[White "Oroz Carrasco, Adrian"]
[Black "Habans Aguerrea, Javier"]
[Result "0-1"]
[EventDate "2019.04.??"]
[EventCountry "ESP"]
[EventType "swiss"]
[EventRounds "7"]
[WhiteElo "1506"]
[BlackElo "2057"]
[Source "FNA"]
[SourceDate "2019.04.21"]
[SourceTitle "FNA"]

1.d4 Nf6 2.c4 c5 3.d5 b5 4.cxb5 a6 5.bxa6 g6 6.Nc3 Bg7 7.e4 O-O 8.Nf3 Qa5 9.Bd2
Bxa6 10.Be2 Qb4 11.Bxa6 Nxa6 12.Qc2 Qc4 13.b3 Nb4 14.Qb1 Qa6 15.h3 Nh5 16.Ng1
Nd3 17.Ke2 Ndf4 18.Kf3 f5 19.g3 Bxc3 20.Bxc3 fxe4 21.Kxe4 Nxd5 22.Be1 Qe6 23.Kd3
c4 24.Kxc4 Rac8 25.Kd4 Qd6 26.Ke4 Nhf6 27.Kf3 Ng4 28.Kg2 Nde3 29.fxe3 Nxe3
30.Kh2 Nf1 31.Kg2 Qd5 32.Nf3 Qxf3 33.Kg1 Qe3 34.Kg2 Qe2 35.Kg1 Ne3 36.Qe4 Rf1
0-1

[Event "Cto. Navarra Absoluto Individual 2019"]
[Site "Pamplona"]
[Date "2019.04.20"]
[Round "6"]
[White "Roldan Marques, Daniel"]
[Black "Fuertes Cirauqui, Pablo"]
[Result "1-0"]
[EventDate "2019.04.??"]
[EventCountry "ESP"]
[EventType "swiss"]
[EventRounds "7"]
[WhiteElo "2171"]
[BlackElo "1811"]
[Source "FNA"]
[SourceDate "2019.04.21"]
[SourceTitle "FNA"]

1.d4 Nf6 2.c4 g6 3.f3 d5 4.cxd5 Nxd5 5.e4 Nb6 6.Nc3 Bg7 7.Be3 Nc6 8.d5 Ne5 9.Bd4
O-O 10.f4 Bg4 11.Be2 Bxe2 12.Ngxe2 Ng4 13.Bxg7 Kxg7 14.h3 Nf6 15.Qd4 Kg8
16.O-O-O Rc8 17.e5 Ne8 18.Qb4 Ng7 19.g4 Qe8 20.f5 c5 21.Qf4 Qd8 22.Rhf1 Nd7
23.Ne4 Qb6 24.d6 e6 25.f6 Ne8 26.Qh6 Qd8 27.Ng5 Nexf6 28.exf6 Nxf6 29.Rxf6 Qxf6
30.Qxh7 1-0

[Event "Cto. Navarra Absoluto Individual 2019"]
[Site "Pamplona"]
[Date "2019.04.20"]
[Round "6"]
[White "Abrisqueta Zudaire, Leyre"]
[Black "Pascual Garcia, Martin"]
[Result "0-1"]
[EventDate "2019.04.??"]
[EventCountry "ESP"]
[EventType "swiss"]
[EventRounds "7"]
[WhiteElo "2023"]
[BlackElo "1727"]
[Source "FNA"]
[SourceDate "2019.04.21"]
[SourceTitle "FNA"]

1.d4 Nf6 2.Nf3 c5 3.e3 d5 4.c3 cxd4 5.exd4 Nc6 6.Bd3 e6 7.Bg5 Bd6 8.O-O O-O
9.Qe2 e5 10.Nxe5 Re8 11.f4 Qc7 12.Nd2 Qb6 13.Ndf3 Ne4 14.Nxc6 bxc6 15.Bxe4 Rxe4
16.Qd2 h6 17.Bh4 Bxf4 18.Qc2 Bf5 19.Bg3 Bxg3 20.hxg3 Rxd4 21.Qf2 Re4 22.Nd4 Bg6
23.Rae1 Rae8 24.b3 c5 25.Nf3 Qa5 26.Qb2 Rxe1 27.Rxe1 Rxe1 28.Nxe1 d4 29.b4 dxc3
30.Qxc3 Qxb4 31.Qc1 c4 32.Kh2 c3 33.Nf3 Qb2 34.Qe3 c2 35.Qd2 c1=Q 0-1

[Event "Cto. Navarra Absoluto Individual 2019"]
[Site "Pamplona"]
[Date "2019.04.20"]
[Round "6"]
[White "Del Carmen Hernandez, Aimer"]
[Black "Ruiz Escobar, Rafael"]
[Result "0-1"]
[EventDate "2019.04.??"]
[EventCountry "ESP"]
[EventType "swiss"]
[EventRounds "7"]
[WhiteElo "1895"]
[BlackElo "1921"]
[Source "FNA"]
[SourceDate "2019.04.21"]
[SourceTitle "FNA"]

1.e4 d6 2.d4 g6 3.Be3 Bg7 4.Nf3 Nf6 5.Nbd2 O-O 6.c3 Ng4 7.Bg5 Re8 8.Bc4 c6 9.Qb3
Rf8 10.O-O b5 11.Bd3 Nd7 12.a4 a6 13.axb5 cxb5 14.Rfe1 Bb7 15.Bc2 Nb6 16.Rad1
Qc7 17.Qa2 e6 18.h3 Nf6 19.Nh2 h6 20.Be3 g5 21.f3 Rfc8 22.Bb3 a5 23.Rc1 a4
24.Bd1 b4 25.Be2 b3 26.Qa1 d5 27.e5 Nh5 28.Kf2 Nc4 29.Nxc4 dxc4 30.g3 f5 31.f4
Qf7 32.fxg5 f4 33.gxf4 Nxf4 34.Rf1 hxg5 35.Ke1 Qf5 36.Kd2 Bxe5 37.dxe5 Rd8
38.Bd4 Qe4 39.Rce1 Rxd4 40.cxd4 Qxd4 41.Kc1 Qe3 42.Kb1 Be4 0-1

[Event "Cto. Navarra Absoluto Individual 2019"]
[Site "Pamplona"]
[Date "2019.04.20"]
[Round "6"]
[White "Sola Plaza, Gregorio"]
[Black "Garraza Obaldia, Esteban"]
[Result "1/2-1/2"]
[EventDate "2019.04.??"]
[EventCountry "ESP"]
[EventType "swiss"]
[EventRounds "7"]
[WhiteElo "1806"]
[BlackElo "1803"]
[Source "FNA"]
[SourceDate "2019.04.21"]
[SourceTitle "FNA"]

1.e4 c5 2.Nf3 d6 3.Bb5 Nd7 4.c3 a6 5.Ba4 b5 6.Bc2 g6 7.O-O Bg7 8.d4 Bb7 9.Qe2
Qc7 10.Re1 e5 11.d5 Ne7 12.b3 O-O 13.c4 b4 14.Nbd2 Bc8 15.Nf1 f5 16.Ng5 Nf6
17.exf5 Nxf5 18.Bxf5 gxf5 19.Ng3 Qe7 20.Qc2 h6 21.Ne6 Bxe6 22.dxe6 Ne4 23.Nxe4
fxe4 24.Qxe4 Qxe6 25.Be3 a5 26.h3 Ra6 27.Rad1 Qf5 28.Qb7 Qc8 29.Qd5 Kh8 30.Rd3
Qa8 31.Qe6 Qc8 32.Qxc8 Rxc8 33.Red1 Rcc6 34.g4 a4 35.Kg2 axb3 36.axb3 Kh7 37.Kg3
e4 38.Rd5 Be5 39.Bf4 Bd4 40.Be3 Be5 41.f4 exf3 42.Kxf3 Ra3 43.Rb1 Rc8 44.Ke4 Re8
45.Kf3 Rf8 46.Ke4 Re8 47.Kf3 1/2-1/2

[Event "Cto. Navarra Absoluto Individual 2019"]
[Site "Pamplona"]
[Date "2019.04.20"]
[Round "6"]
[White "Leone Amigot, Haymar"]
[Black "Santos Usua, Mikel"]
[Result "1-0"]
[EventDate "2019.04.??"]
[EventCountry "ESP"]
[EventType "swiss"]
[EventRounds "7"]
[WhiteElo "1497"]
[BlackElo "1580"]
[Source "FNA"]
[SourceDate "2019.04.21"]
[SourceTitle "FNA"]

1.e4 e5 2.Nf3 Nc6 3.d4 exd4 4.Nxd4 Bc5 5.Be3 Qf6 6.c3 Nge7 7.Bc4 a6 8.O-O O-O
9.Nxc6 Qxc6 10.Bxc5 Qxc5 11.Qd4 Qh5 12.f4 b5 13.Bb3 c5 14.Qe3 c4 15.Bd1 Qh6
16.Rf3 d5 17.e5 Bg4 18.Rf1 Nf5 19.Qf2 Bxd1 20.Rxd1 Rfd8 21.Na3 Rab8 22.Nc2 a5
23.a3 Qb6 24.Qxb6 Rxb6 25.Rd2 f6 26.Re1 Kf7 27.Kf2 fxe5 28.Rxe5 Ne7 29.Ne3 Rbd6
30.Nf5 Nxf5 31.Rxf5 Kg6 32.Re5 h6 33.Ke3 Kf6 34.h4 b4 35.axb4 axb4 36.Kd4 bxc3
37.bxc3 Rc8 38.g4 Kg6 39.Rde2 Rf8 40.Re6 Rxe6 41.Rxe6 Kh7 42.f5 h5 43.Kxd5 hxg4
44.Re4 g3 45.Rg4 Rxf5 46.Kxc4 g2 47.Rxg2 Rf4 48.Kb5 Rxh4 49.c4 Kg8 50.c5 Kf7
51.c6 Ke7 52.Rd2 Rh1 53.c7 Rb1 54.Kc6 Rc1 55.Kb7 Rb1 56.Kc8 Rh1 57.Rb2 Rc1
58.Kb7 g5 59.c8=Q Rxc8 60.Kxc8 Ke6 61.Rb5 Kf6 62.Kd7 g4 63.Kc6 Kg6 64.Kb6 Kf6
65.Ka5 g3 66.Rb3 1-0

[Event "Cto. Navarra Absoluto Individual 2019"]
[Site "Pamplona"]
[Date "2019.04.20"]
[Round "6"]
[White "Ayucar Nunez, Inigo"]
[Black "Garisoain Ardanaz, Alvaro"]
[Result "1/2-1/2"]
[EventDate "2019.04.??"]
[EventCountry "ESP"]
[EventType "swiss"]
[EventRounds "7"]
[WhiteElo "1248"]
[BlackElo "1688"]
[Source "FNA"]
[SourceDate "2019.04.21"]
[SourceTitle "FNA"]

1.e4 d6 2.d4 Nf6 3.Bd3 Nbd7 4.c3 e5 5.f4 Be7 6.Nf3 O-O 7.O-O exd4 8.cxd4 c5
9.Be3 cxd4 10.Bxd4 Nc5 11.Nc3 a6 12.Bc2 b5 13.b4 Ne6 14.Be3 Bb7 15.Qd3 d5 16.e5
Ne4 17.a3 Rc8 18.Bd2 Nxf4 19.Qe3 Nxd2 20.Qxd2 Ng6 21.Rae1 Qc7 22.Bxg6 Qxc3
23.Bf5 Qxd2 24.Nxd2 Rc3 25.Nb1 Rc7 26.Rc1 Rxc1 27.Rxc1 Bd8 28.Rd1 Re8 29.Re1 f6
30.e6 g6 31.Bg4 f5 32.Bf3 Re7 33.Nc3 Bb6 34.Kf1 d4 35.Nd5 Bxd5 36.Bxd5 1/2-1/2

[Event "Cto. Navarra Absoluto Individual 2019"]
[Site "Pamplona"]
[Date "2019.04.20"]
[Round "6"]
[White "Fuentes Guinot, Alejandro"]
[Black "Diaz Redondo, Isidro"]
[Result "1-0"]
[EventDate "2019.04.??"]
[EventCountry "ESP"]
[EventType "swiss"]
[EventRounds "7"]
[WhiteElo "1457"]
[BlackElo "1456"]
[Source "FNA"]
[SourceDate "2019.04.21"]
[SourceTitle "FNA"]

1.d4 d5 2.Bf4 e6 3.e3 Bd6 4.Bg3 Nf6 5.Nf3 O-O 6.c3 c5 7.Bd3 c4 8.Bc2 b5 9.Nbd2
Nbd7 10.Bxd6 Re8 11.Bg3 a5 12.a3 Nf8 13.Ne5 Ng6 14.O-O Nxe5 15.Bxe5 Nd7 16.Bg3
f5 17.Nf3 g5 18.Ne5 Rf8 19.Nxd7 Bxd7 20.Be5 Be8 21.f3 h5 22.h3 Ra7 23.g4 h4
24.Qd2 Bg6 25.Qg2 Kh7 26.Kh2 Raf7 27.Rae1 Kh6 28.Bb1 Qd7 29.f4 fxg4 30.Qxg4 Bxb1
31.Qxg5 Kh7 32.Qh5 1-0

[Event "Cto. Navarra Absoluto Individual 2019"]
[Site "Pamplona"]
[Date "2019.04.20"]
[Round "6"]
[White "Martinez Zazo, Jesus"]
[Black "Oyaga Valencia, Jesus Maria"]
[Result "1/2-1/2"]
[EventDate "2019.04.??"]
[EventCountry "ESP"]
[EventType "swiss"]
[EventRounds "7"]
[WhiteElo "1680"]
[BlackElo "1650"]
[Source "FNA"]
[SourceDate "2019.04.21"]
[SourceTitle "FNA"]

1.e4 e6 2.d4 d5 3.Nc3 c6 4.g3 f5 5.exf5 exf5 6.Nf3 Nf6 7.Bg2 Be7 8.O-O O-O 9.Bg5
Nbd7 10.Re1 Ne4 11.Bxe7 Qxe7 12.Nd2 Qg5 13.f4 Qg6 14.Nf3 Qg4 15.Ne5 Nxe5 16.dxe5
Qxd1 17.Raxd1 Be6 18.Nxe4 fxe4 19.Rf1 h5 20.Rd2 g6 21.b3 Kf7 22.h3 Ke7 23.Re1
Rad8 24.Kh2 Rd7 25.Bf1 Rfd8 26.Rg2 Rh8 27.Be2 Ke8 28.Bd1 Rf7 29.Rf1 Kd7 30.g4 h4
31.Rgf2 Rhf8 32.Kg2 Kc7 33.g5 Bf5 34.Bg4 Kd7 35.Bxf5 Rxf5 36.Kh2 Ke6 37.c3 R5f7
38.Kg1 Rf5 39.Kg2 Ke7 40.b4 Ke6 41.a4 Ke7 42.Kg1 Ke6 43.Kg2 1/2-1/2

[Event "Cto. Navarra Absoluto Individual 2019"]
[Site "Pamplona"]
[Date "2019.04.20"]
[Round "6"]
[White "Zaratiegui Cardesa, Jose"]
[Black "Abrisqueta Zudaire, Ines"]
[Result "0-1"]
[EventDate "2019.04.??"]
[EventCountry "ESP"]
[EventType "swiss"]
[EventRounds "7"]
[WhiteElo "1731"]
[BlackElo "1371"]
[Source "FNA"]
[SourceDate "2019.04.21"]
[SourceTitle "FNA"]

1.c4 e5 2.Nc3 Nf6 3.g3 c6 4.Bg2 d5 5.cxd5 cxd5 6.d3 Bb4 7.Bd2 Nc6 8.Nf3 O-O
9.O-O h6 10.Rc1 Bf5 11.Qb3 Bxc3 12.Bxc3 d4 13.Bb4 Be6 14.Qa3 Re8 15.Bd2 Bd5
16.Nh4 Bxg2 17.Kxg2 Qd5 18.Nf3 Rac8 19.Rc5 Qe6 20.b4 Nd7 21.Rc2 Qd5 22.Qb2 Ne7
23.Rfc1 Rxc2 24.Rxc2 Rc8 25.Rxc8 Nxc8 26.Qc2 Qc6 27.Qxc6 bxc6 28.Ne1 Ncb6 29.Nc2
Na4 30.e3 dxe3 31.fxe3 Nb2 32.d4 Nc4 33.Bc3 e4 34.Kf2 Kf8 35.Na1 Nf6 36.Nc2 Ng4
37.Ke2 Nxh2 38.a4 Ng4 39.b5 cxb5 40.axb5 Nf6 41.Bb4 Ke8 42.Bc5 Nb6 43.Nb4 Nfd5
44.Bxb6 Nxb6 45.Nc6 Nc8 46.Kd2 Kd7 47.Kc3 Kd6 48.Kb4 Kc7 49.Kc5 h5 50.d5 g5
51.Nxa7 h4 52.gxh4 gxh4 53.Nxc8 Kxc8 54.Kc6 h3 55.b6 h2 0-1

[Event "Cto. Navarra Absoluto Individual 2019"]
[Site "Pamplona"]
[Date "2019.04.21"]
[Round "7"]
[White "Sevilla Subiza, Javier"]
[Black "Huerga Leache, Mikel"]
[Result "1/2-1/2"]
[EventDate "2019.04.??"]
[EventCountry "ESP"]
[EventType "swiss"]
[EventRounds "7"]
[WhiteElo "2087"]
[BlackElo "2448"]
[Source "FNA"]
[SourceDate "2019.04.21"]
[SourceTitle "FNA"]

1.d4 Nf6 2.Bg5 d5 3.e3 Ne4 4.Bf4 c6 5.Nd2 Nxd2 6.Qxd2 Bf5 7.Nf3 e6 8.Bd3 Bxd3
9.cxd3 Bd6 10.Bxd6 Qxd6 11.O-O Nd7 12.b4 O-O 13.Rab1 a6 14.a4 Rfc8 1/2-1/2

[Event "Cto. Navarra Absoluto Individual 2019"]
[Site "Pamplona"]
[Date "2019.04.21"]
[Round "7"]
[White "Urriza Iricibar, Pablo"]
[Black "Narciso Dublan, Marc"]
[Result "1-0"]
[EventDate "2019.04.??"]
[EventCountry "ESP"]
[EventType "swiss"]
[EventRounds "7"]
[WhiteElo "2301"]
[BlackElo "2491"]
[Source "FNA"]
[SourceDate "2019.04.21"]
[SourceTitle "FNA"]

1.e4 e6 2.d4 d5 3.Nd2 Nc6 4.Ngf3 Nf6 5.e5 Nd7 6.Be2 f6 7.exf6 Qxf6 8.Nf1 Bd6
9.Ne3 O-O 10.O-O Qg6 11.c4 Nf6 12.c5 Be7 13.Bb5 Bd7 14.Bxc6 Bxc6 15.Ne5 Qe8
16.N3g4 Kh8 17.Re1 Nxg4 18.Qxg4 Rf5 19.Qe2 Bb5 20.Qd1 a5 21.a4 Ba6 22.Ra3 Bf6
23.g4 Rxe5 24.dxe5 Be7 25.Qc2 d4 26.Qe4 d3 27.Rc3 Rd8 28.Rd1 Rd5 29.Be3 g5 30.b3
Qd8 31.f4 d2 32.Qf3 b6 33.Rc2 bxc5 34.Rcxd2 Bb7 35.Qf2 gxf4 36.Qxf4 Qg8 37.h3
Qg6 38.Rf1 Rxd2 39.Bxd2 Qd3 40.Kh2 Qd5 41.Qf2 Qxe5 42.Bf4 Qd5 43.Bxc7 e5 44.Re1
e4 45.Qf4 Kg8 46.Re2 Bg5 47.Qe5 e3 48.Qe8 Kg7 49.Be5 Bf6 50.Qe7 Kg8 51.Qe8 Kg7
52.Qe7 Kg8 53.Qxf6 1-0